000 00384nam a2200133Ia 4500
005 20260326100032.0
008 260326s9999||||xx |||||||||||||| ||und||
100 _aArana Cervantes, Marcos
245 0 _aConstructores de Jalisco :
_b Medio Siglo de esfuerzo productivo /
_cMarcos Arana Cervantes
260 _bÁgata
300 _a251 p.
650 _aARQUITECTURA REGIONAL
942 _cBK
999 _c6627
_d6627